000 00416nam a22001817a 4500
003 MPLRDC
005 20220104161115.0
008 210129b ||||| |||| 00| 0 eng d
020 _a7-80073-773-X
082 _a494 LJ
100 _a李践
245 _a赢家策略
_c
250 _a一版二刷
260 _a中国
_b中信出版社
_c2003
300 _b
650 _a企业管理
942 _cBK
_o494 LJ
999 _c55316
_d55306